• 首页
  • 本馆介绍
  • 公告通知
  • 最新文献
  • 馆藏检索
  • 电子资源
  • 读者导购
  • 参考咨询
  • 我的图书馆
  • 登录
  • 详细信息显示
  • 放入我的书架
  • 预约/预借图书
  • 作者相关作品
  • 分类相关作品
  • 丛书相关作品
  • 出版社相关作品

书目信息

  • 表格格式
  • 工作单格式
  • 卡片格式
题名:
儿童心理学
    
 
作者: 皮亚杰 , 海尔德 著 ;吴福元 著
分册:  
出版信息: 北京   商务印书馆  1980
页数: 124页
开本: 21cm
丛书名:
单 册:
中图分类: B844.1 , B84
科图分类:
主题词: 儿童心理学 , 心理学
电子资源:
ISBN:
000 00854nam0 2200301 45
001 1239009805
005 20090929093222.73
010    @dCNY0.47
091    @aCN@b2017.241
100    @a19950411d1980 em y0chiy0121 ea
101 1  @achi@ceng
102    @aCN@b110000
105    @af z 000yy
200 10 @a儿童心理学@Aer tong xin li xue@f(瑞士)皮亚杰(J.Piaget),(瑞士)海尔德(B.Inheader)著@g吴福元译
210    @a北京@c商务印书馆@d1980
215    @a124页@c照片@d21cm
300    @a书名原文:The psychology of the child
510 1  @aThe psychology of the child@zeng
606 0  @a儿童心理学
606 0  @a心理学
690    @aB844.1@v3
690    @aB84@v4
701  1 @a皮亚杰@Api ya jie@bJ.@4著
701  1 @a海尔德@Ahai er de@bB.@4著
702  0 @a吴福元@Awu fu yuan@4著
801  0 @aCN@bTSSF
801  2 @aCN@bNLC
905    @a10447@dB84@eJY13
    
    儿童心理学/(瑞士)皮亚杰(J.Piaget),(瑞士)海尔德(B.Inheader)著/吴福元译.-北京:商务印书馆,1980
    124页:照片;21cm
    书名原文:The psychology of the child
    
    ISBN :CNY0.47
    
●
相关链接 在E读中查询图书 在五车中查询图书 在当当中查询图书 在豆瓣中查询图书


正题名:儿童心理学     索取号:B84/JY13         预约/预借

序号 登录号 条形码 馆藏地/架位号 状态 备注
1 7830031   278300312   学院路分馆/ [索取号:B84/JY13] 在馆    
2 7830032   278300321   学院路分馆/ [索取号:B84/JY13] 在馆    
唐山师范学院图书馆 欢迎您!
大连网信软件有限公司© 版权所有